000 00386nam a2200157 i 4500
001 bg
100 1 _aBECKERT, M.
245 0 _aSposoby metallografičeskogo travlenija :
_bspravočnik /
_cM. Bekkert, X. Klemm.
260 _aMoskva,
_c1988.
700 1 _aKLEMM, X.
040 _cBPK
041 _apol
080 _a620.18
942 _cKS
008 s pl f |000 0 pol
999 _c23880
_d23880
856 _uhttp://koha.tu.koszalin.pl/cgi-bin/koha/opac-detail.pl?biblionumber=23880
_yKatalog online BPK